000
00294nam a22001337a 4500
008
170621b xxu||||| |||| 00| 0 eng d
020
_a
0801824621
041
_a
eng
080
_a
338
100
_a
20
101
_a
SHP
245
_a
THE POVERTY OF NATIONS
_c
MURDOCH.W.W
942
_2
udc
_c
BK
999
_c
18378
_d
18378